Central Library OPAC University of Rajshahi

Literary terms and criticism / (Record no. 65645)

MARC details
000 -LEADER
fixed length control field 00895nam a2200289 a 4500
001 - CONTROL NUMBER
control field 65645
003 - CONTROL NUMBER IDENTIFIER
rucl marc code BD-RjUL
005 - DATE AND TIME OF LATEST TRANSACTION
control field 20211209081440.0
008 - FIXED-LENGTH DATA ELEMENTS--GENERAL INFORMATION
fixed length control field 170309s1987 enk 001 0 eng d
020 ## - INTERNATIONAL STANDARD BOOK NUMBER
International Standard Book Number 0333362713 (pbk.) :
Terms of availability £3.95
035 ## - SYSTEM CONTROL NUMBER
System control number (BD-RjUL) 65775
040 ## - CATALOGING SOURCE
Original cataloging agency MH
Transcribing agency MH
Modifying agency BD-RjUL
Language of cataloging eng
041 ## - LANGUAGE CODE
Language code of text/sound track or separate title eng
082 ## - DEWEY DECIMAL CLASSIFICATION NUMBER
Edition number 23
Classification number 801.4
Author mark and year PEL 1987
100 1# - MAIN ENTRY--PERSONAL NAME
Personal name Peck, John
Dates associated with a name 1947-
9 (RLIN) 194186
245 10 - TITLE STATEMENT
Title Literary terms and criticism /
Statement of responsibility, etc. John Peck and Martin Coyle
260 ## - PUBLICATION, DISTRIBUTION, ETC. (IMPRINT)
Place of publication, distribution, etc. London :
Name of publisher, distributor, etc. Macmillan,
Date of publication, distribution, etc. c1984 [Reprinted 1987]
300 ## - PHYSICAL DESCRIPTION
Pagination x, 177 p. ;
Size 22 cm.
500 ## - GENERAL NOTE
General note Includes indexes.
650 #0 - SUBJECT ADDED ENTRY--TOPICAL TERM
Topical term or geographic name as entry element Criticism
General subdivision Terminology
9 (RLIN) 194187
Topical term or geographic name as entry element Literature
General subdivision Terminology
9 (RLIN) 194188
Topical term or geographic name as entry element English language
General subdivision Terms and phrases
9 (RLIN) 194189
Topical term or geographic name as entry element Literary form
General subdivision Terminology
9 (RLIN) 194190
700 1# - ADDED ENTRY--PERSONAL NAME
Personal name Coyle, Martin
942 ## - ADDED ENTRY ELEMENTS (KOHA)
Source of classification or shelving scheme Dewey Decimal Classification
Koha item type Books
Holdings
Lost status Source of classification or shelving scheme Damaged status Not for loan Collection code Permanent Location Current Location Shelving location Date acquired Source of acquisition Cost, normal purchase price Total Checkouts Full call number Date last seen Copy number Koha item type
  Dewey Decimal Classification   Not For Loan Non-fiction Central Library, University of Rajshahi Central Library, University of Rajshahi Reading Room 02/07/1988 British Council, Dhaka. 4.95   801.4 PEL 1987 09/03/2017 C-1 Books